Building airtightness deadline (Record no. 72795)

MARC details
000 -LEADER
fixed length control field 01136cam a2200217 4500
001 - CONTROL NUMBER
control field WB3920-02
008 - FIXED-LENGTH DATA ELEMENTS--GENERAL INFORMATION
fixed length control field 030529n2003 000 0 eng u
035 ## - SYSTEM CONTROL NUMBER
System control number (Sirsi) u122471
245 ## - TITLE STATEMENT
Title Building airtightness deadline
260 ## - PUBLICATION, DISTRIBUTION, ETC.
Date of publication, distribution, etc. 2003
490 ## - SERIES STATEMENT
Series statement BRE News Release
Volume/sequential designation 28 May 2003 (1)
520 ## - SUMMARY, ETC.
Summary, etc. BRE's airtightness experts are reminding designers and contractors that, from 30 September 2003, all new commercial and public buildings with a gross floor area of 1000 m2 or more must demonstrate that they meet the new airtightness standard of 10 m3h-1m-2, following Part 2 of the Building Regulations which came into force last year. After the end of September the new regulations must be strictly complied with. Further information is available at http://projects.bre.co.uk/envdiv/airtight/index.htm . http://www.bre.co.uk/news.jsp?id=120
590 ## - LOCAL NOTE (RLIN)
Local note WB
650 ## - SUBJECT ADDED ENTRY--TOPICAL TERM
Topical term or geographic name entry element NEW BUILDINGS
650 ## - SUBJECT ADDED ENTRY--TOPICAL TERM
Topical term or geographic name entry element PUBLIC BUILDINGS
650 ## - SUBJECT ADDED ENTRY--TOPICAL TERM
Topical term or geographic name entry element COMMERCIAL BUILDINGS
650 ## - SUBJECT ADDED ENTRY--TOPICAL TERM
Topical term or geographic name entry element BUILDING REGULATIONS 2000 APPROVED DOCUMENT L2 (2002 EDITION)
650 ## - SUBJECT ADDED ENTRY--TOPICAL TERM
Topical term or geographic name entry element AIRTIGHTNESS
690 ## - LOCAL SUBJECT ADDED ENTRY--TOPICAL TERM (OCLC, RLIN)
Topical term or geographic name as entry element BUILT ENVIRONMENT-BUILDING STANDARDS
942 ## - ADDED ENTRY ELEMENTS (KOHA)
Suppress in OPAC 0
Holdings
Withdrawn status Lost status Source of classification or shelving scheme Damaged status Not for loan Home library Current library Shelving location Date acquired Total Checkouts Full call number Barcode Date last seen Copy number Price effective from Koha item type
    Dewey Decimal Classification     London London News article 29/05/2003   WB3920-02 122471-1001 06/08/2019 1 06/08/2019 News article